Biblioteca

Las cuatro estaciones de la iglesia de Jesucristo (Registro nro. 50370)

Detalles MARC
000 -LÍDER
Campo fijo de descripción fija 01344aab a2200205 i 4500
001 - NÚMERO DE CONTROL
Campo de control 768714001
003 - IDENTIFICADOR DEL NÚMERO DE CONTROL
Campo de control CO-MdFUSB
005 - FECHA Y HORA DE LA ULTIMA TRANSACCIÓN
control field 20250304115455.0
008 - ELEMENTOS DE LONGITUD FIJA -- INFORMACIÓN GENERAL
Campo fijo de descripción fija -- Información general 170812s1988 cr ||||| |||| 00| 0 spa d
040 ## - FUENTE DE CATALOGACIÓN
Agencia Catalogadora CO-MdFUSB
Idioma de catalogación spa
Agencia que realiza la transcripción CO-MdFUSB
Agencia que realiza la modificación CO-MdFUSB
041 ## - CÓDIGO DE IDIOMA
Código de idioma para texto/pista de sonido o título separado spa
100 1# - ASIENTO PRINCIPAL--NOMBRE PERSONAL
Nombre personal Del Vecchio, Daniel
Término relacionador autor
245 14 - TÍTULO
Título Las cuatro estaciones de la iglesia de Jesucristo
Mención de responsabilidad / Daniel Del Vecchio
300 ## - DESCRIPCIÓN FÍSICA
Extensión Volumen 1. Número 4 (1988), páginas 84-87
Dimensiones : 28 cm.
520 ## - NOTA DE RESUMEN, ETC.
Nota de sumario, etc. El autor, Daniel del Vecchio, compara las estaciones de la Iglesia de Jesucristo con las estaciones del año. La primavera representa el evangelismo, donde se comparte la palabra de Dios para iniciar nuevas vidas en Cristo. El verano es el tiempo del discipulado, enfatizando que hacer discípulos es vital para el crecimiento en la fe. En otoño, la Iglesia debe involucrarse en ministerios sociales, ayudando a los necesitados, un paso que a menudo no se logra por falta de compromiso. El invierno simboliza el auto-abastecimiento, donde la Iglesia debe ser independiente, buscar ahorrar y promover negocios pequeños. El autor anima a la Iglesia a vivir según las enseñanzas de Cristo.
653 ## - TÉRMINO DE INDIZACIÓN - NO CONTROLADO
Término no controlado Eclesiología
773 0# - ASIENTO DE ITEM FUENTE
Título Conquista Cristiana
Biblionumber 49446
Itemnumber 60348
Parte(s) relacionada(s) / Volumen., número. (mes año), páginas Volumen 1. Número 4 (1988), páginas 84-87
Enumeración y primera página Página 84
942 ## - TIPO DE MATERIAL (KOHA)
Tipo de Item KOHA Artículos de Revista
945 ## - INFORMACIÓN LOCAL DEL REGISTRO
Catalogador JTF-925

No hay ítems disponibles.

Biblioteca FUSBC | Teléfono: (57+4) 349 88 10 Ext. 141| WhatsApp (+57) 3005338115 
E-mail: biblioteca@unisbc.edu.co | Calle 76 87-14 Robledo Palenque, Medellín, Colombia

Con tecnología Koha